|
|
|
|
| LEADER |
00000cam a2200000 a 4500 |
| 001 |
vtls010460789 |
| 003 |
SK-MaSNL |
| 005 |
20260426005520.0 |
| 008 |
240318s2012 xo o g 000 0 slo |
| 015 |
|
|
|a SNBA2012/12-05981
|
| 020 |
|
|
|a 9788080602871
|q (viaz.)
|
| 035 |
|
|
|a 525158ED-56ED-4A4A-894E-7D44260B59D2
|
| 035 |
|
|
|a urn:nbn:sk:snk-amjlsj
|
| 035 |
|
|
|a urn:nbn:sk:snk-am002d0d
|
| 040 |
|
|
|a SNK
|b slo
|c SNK
|e AACR2
|
| 041 |
0 |
|
|a slo
|a eng
|
| 043 |
|
|
|a e-xo---
|
| 044 |
|
|
|a xo
|c SK
|
| 072 |
|
7 |
|a 76
|x Grafické umenie. Grafika
|2 konspekt
|
| 080 |
|
|
|a 76
|2 2001
|
| 080 |
|
|
|a (437.6)
|2 2001
|
| 080 |
|
|
|a (084.11)
|2 2001
|
| 080 |
|
|
|a 728.81
|2 2001
|
| 080 |
|
|
|a 7.04
|2 2001
|
| 080 |
|
|
|a (083.824)
|2 2001
|
| 100 |
1 |
|
|a Barta, Peter,
|d 1974-
|4 aut
|9 154233
|
| 245 |
1 |
0 |
|a Bratislavský hrad na grafikách
|b zo zbierok SNM - Historického múzea : katalóg k výstave
|c Peter Barta, Slavomír Pjatek
|
| 246 |
1 |
1 |
|a Bratislava Castle on the Prints
|
| 250 |
|
|
|a 1. vyd.
|
| 260 |
|
|
|a Bratislava
|b Slovenské národné múzeum, Historické múzeum
|c 2012
|
| 300 |
|
|
|a 101 s.
|b fotogr.
|c 22 cm
|
| 366 |
|
|
|e 600 výt.
|
| 500 |
|
|
|a Tir. aj angl.
|
| 504 |
|
|
|a Bibliogr. odkazy
|
| 546 |
|
|
|a Súbež. názov a text angl.
|
| 610 |
2 |
7 |
|a Bratislavský hrad
|2 SNKPH
|9 63101
|
| 610 |
2 |
7 |
|a Bratislavský hrad
|2 SNKPHeng
|9 63101
|
| 650 |
0 |
7 |
|a grafika
|2 SNKPH
|9 814
|
| 650 |
0 |
7 |
|a Printing
|2 SNKPHeng
|9 439616
|
| 650 |
0 |
7 |
|a hrady
|2 SNKPH
|9 3039
|
| 650 |
0 |
7 |
|a Castles
|2 SNKPHeng
|9 265903
|
| 650 |
0 |
7 |
|a umelecké námety
|2 SNKPH
|9 2885
|
| 650 |
0 |
7 |
|a Artistic themes
|2 SNKPHeng
|9 99790
|
| 651 |
|
7 |
|a Bratislava (Slovensko)
|2 SNKPH
|9 14568
|
| 651 |
|
7 |
|a Bratislava (Slovakia)
|2 SNKPHeng
|9 171234
|
| 655 |
|
7 |
|a obrazové publikácie
|2 SNKPH
|9 70343
|
| 655 |
|
7 |
|a Pictorial works
|2 SNKPHeng
|9 284468
|
| 655 |
|
7 |
|a katalógy výstav
|2 SNKPH
|9 70445
|
| 655 |
|
7 |
|a Exhibition catalogs
|2 SNKPHeng
|9 266232
|
| 700 |
1 |
|
|a Pjatek, Slavomír
|4 pht
|9 79876
|
| 852 |
|
|
|a Štátna vedecká knižnica v Banskej Bystrici
|
| 919 |
|
|
|a 978-80-8060-287-1
|
| 968 |
|
|
|d 73/77
|
| 999 |
|
|
|c 1010026
|d 1011956
|
| 952 |
|
|
|a SNK
|b SNK
|y PREZ
|7 0
|p 17A1054600
|o snkSC 151502
|i snk2012/21068
|8 0
|0 0
|1 0
|4 0
|d 2012-10-18
|l 0
|r 2025-07-22 00:00:00
|w 2026-02-24
|
| 952 |
|
|
|a SNK
|b SNK
|y VYP
|7 0
|p 17A1054599
|o snkSC 151502 D1
|i snk2012/21069
|8 0
|0 0
|1 0
|4 0
|d 2012-10-18
|f 1
|l 0
|r 2026-02-24 12:49:20
|w 2026-02-24
|